MARC details
| 000 -LEADER |
| fixed length control field |
03794cam a22003617a 4500 |
| 001 - CONTROL NUMBER |
| control field |
17176896 |
| 003 - CONTROL NUMBER IDENTIFIER |
| control field |
OSt |
| 005 - DATE AND TIME OF LATEST TRANSACTION |
| control field |
20250131133802.0 |
| 008 - FIXED-LENGTH DATA ELEMENTS--GENERAL INFORMATION |
| fixed length control field |
120222s2011 sa b 001 0 eng d |
| 010 ## - LIBRARY OF CONGRESS CONTROL NUMBER |
| LC control number |
2012359918 |
| 020 ## - INTERNATIONAL STANDARD BOOK NUMBER |
| International Standard Book Number |
9781869142070 (pbk.) |
| 020 ## - INTERNATIONAL STANDARD BOOK NUMBER |
| International Standard Book Number |
1869142071 (pbk.) |
| 035 ## - SYSTEM CONTROL NUMBER |
| System control number |
(OCoLC)ocn749853242 |
| 040 ## - CATALOGING SOURCE |
| Original cataloging agency |
BTCTA |
| Language of cataloging |
eng |
| Transcribing agency |
BTCTA |
| Modifying agency |
YDXCP |
| -- |
OI@ |
| -- |
CLU |
| -- |
DLC |
| 042 ## - AUTHENTICATION CODE |
| Authentication code |
lccopycat |
| 050 00 - LIBRARY OF CONGRESS CALL NUMBER |
| Classification number |
RA643.8 |
| Item number |
.R45 2011 |
| 082 04 - DEWEY DECIMAL CLASSIFICATION NUMBER |
| Classification number |
201.7621969792 |
| Edition number |
23 |
| 245 00 - TITLE STATEMENT |
| Title |
Religion and HIV and AIDS : |
| Remainder of title |
charting the terrain / |
| Statement of responsibility, etc. |
edited by Beverley Haddad. |
| 260 ## - PUBLICATION, DISTRIBUTION, ETC. (IMPRINT) |
| Place of publication, distribution, etc. |
Scottsville : |
| Name of publisher, distributor, etc. |
University of Kwazulu-Natal Press, |
| Date of publication, distribution, etc. |
2011. |
| 300 ## - PHYSICAL DESCRIPTION |
| Extent |
xv, 430 p. ; |
| Dimensions |
24 cm. |
| 504 ## - BIBLIOGRAPHY, ETC. NOTE |
| Bibliography, etc |
Includes bibliographical references and index. |
| 520 ## - SUMMARY, ETC. |
| Summary, etc. |
Introduction. Cartography of HIV and AIDS, religion and theology: an overview / Beverley Haddad. Pt. 1. Engaging the public realm. 1. Religion and medicine in the context of HIV and AIDS: a landscaping review / Jill Olivier and Gillian Paterson. Practitioner response / Greg Manning -- 2. HIV, AIDS and religion in sub-Saharan Africa: an historical survey / Philippe Denis. Practitioner response / Alison Munro -- 3. Religion and policy on HIV and AIDS: a rapidly shifting landscape / Jill Olivier. Practitioner response / Bongi Zengele -- 4. Statements by religious organisations on HIV and AIDS: intersecting the public realm / Martha Frederiks. Practitioner response / Paula Clifford. Pt. 2. Engaging the religious and theological realm. 5. Sacred texts, particularly the Bible and Qur'an and HIV and AIDS: charting the textual territory / Gerald West. Practitioner response / Monica Jyotsna Melanchthon -- 6. Systematic theological reflection on HIV and AIDS: mapping the terrain / Steve de Gruchy. Practitioner response / Jan Bjarne Sødal -- 7. Comparative ethics and HIV and AIDS: interrogating the gaps / Domoka Lucinda Manda. Practitioner response / Farik Esack -- 8. Missiology and HIV and AIDS: defining the contours / Ute Hedrich. Practitioner response / Benson Okyere-Manu. Pt. 3. Engaging the socio-cultural realm. 9. African traditional religions and HIV and AIDS: exploring the boundaries / Ezra Chitando. Practitioner response / Phumzile Zondi-Mabizela -- 10. African cultures and gender in the context of HIV and AIDS: probing these practices / Nyokabi Kamau. Practitioner response / Ezra Chitando -- 11. Transforming masculinities towards gender justice in an era of HIV and AIDS: plotting the pathways / Adriaan van Klinken. Practitioner response / Lilian Silwa -- 12. Children seldom seen and heard: identifying the religious HIV and AIDS discourse / Genevieve James. Practitioner response / Bongi Zengele. Pt. 4. Engaging the communal realm. 13. Religion and HIV prevention: surveying the contestations / Greg Manning. Practitioner response / Johannes Petrus Mokgethi-Heath -- 14. HIV, AIDS and stigma: discerning the silences / Gillian Paterson. Practitioner response / Gideon Byamugisha -- 15. Religious community care and support in the context of HIV and AIDS: outlining the contours / Jill Olivier and Paula Clifford. Practitioner response / Edwina Ward -- 16. Stories of hope: navigating HIV pathways of life / Phumzile Zondi-Mabizela ... [et al.] |
| 650 #0 - SUBJECT ADDED ENTRY--TOPICAL TERM |
| Topical term or geographic name as entry element |
AIDS (Disease) |
| General subdivision |
Religious aspects. |
| 650 #0 - SUBJECT ADDED ENTRY--TOPICAL TERM |
| Topical term or geographic name as entry element |
AIDS (Disease) |
| General subdivision |
Religious aspects |
| -- |
Christianity. |
| 650 #0 - SUBJECT ADDED ENTRY--TOPICAL TERM |
| Topical term or geographic name as entry element |
AIDS (Disease) |
| General subdivision |
Religious aspects |
| -- |
Islam. |
| 650 #0 - SUBJECT ADDED ENTRY--TOPICAL TERM |
| Topical term or geographic name as entry element |
HIV infections |
| General subdivision |
Religious aspects. |
| 650 #0 - SUBJECT ADDED ENTRY--TOPICAL TERM |
| Topical term or geographic name as entry element |
HIV infections |
| General subdivision |
Religious aspects |
| -- |
Christianity. |
| 650 #0 - SUBJECT ADDED ENTRY--TOPICAL TERM |
| Topical term or geographic name as entry element |
HIV infections |
| General subdivision |
Religious aspects |
| -- |
Islam. |
| 700 1# - ADDED ENTRY--PERSONAL NAME |
| Personal name |
Haddad, Bev. |
| 906 ## - LOCAL DATA ELEMENT F, LDF (RLIN) |
| a |
7 |
| b |
cbc |
| c |
copycat |
| d |
2 |
| e |
ncip |
| f |
20 |
| g |
y-gencatlg |
| 942 ## - ADDED ENTRY ELEMENTS (KOHA) |
| Source of classification or shelving scheme |
Dewey Decimal Classification |
| Koha item type |
Books |